书目信息 |
| 题名: |
品珠赏玉
|
|
| 作者: | 常奇 编著 | |
| 分册: | ||
| 出版信息: | 上海 上海科学技术出版社 2014.01 |
|
| 页数: | 216页 | |
| 开本: | 23cm | |
| 丛书名: | ||
| 单 册: | ||
| 中图分类: | G262.3 , TS933.21 | |
| 科图分类: | ||
| 主题词: | 玉石--收藏--中国 , 玉石--鉴赏--中国 , 玉石 | |
| 电子资源: | ||
| ISBN: | 978-7-5478-2035-3 | |
| 000 | 01126nam0 2200289 450 | |
| 001 | 0120131185292 | |
| 005 | 20140610084710.07 | |
| 010 | @a978-7-5478-2035-3@dCNY68.00 | |
| 100 | @a20131231d2014 em y0chiy0110 ea | |
| 101 | 0 | @achi |
| 102 | @aCN@b310000 | |
| 105 | @aa z 000yy | |
| 106 | @ar | |
| 200 | 1 | @a品珠赏玉@9pin zhu shang yu@e宝石鉴赏与收藏指南@f常奇编著 |
| 210 | @a上海@c上海科学技术出版社@d2014.01 | |
| 215 | @a216页@c图@d23cm | |
| 330 | @a本书从宝石的概念、宝石的价值特征、常见的宝石,宝石加工等方面给读者介绍了宝石的鉴赏与收藏。内容丰富,包括了宝石的各类基础知识,带有非常鲜明的行业特色,是玉石爱好者非常希望了解的内容。本书内容接近于行业操作实践。作者长年从事珠宝玉器的鉴定与交易,积累了丰富的经验,以浅显精要的文字介绍业内的这些鉴定经验,实用性强。 | |
| 333 | @a宝石鉴赏者及收藏者 | |
| 517 | 1 | @a宝石鉴赏与收藏指南@9bao shi jian shang yu shou cang zhi nan |
| 606 | 0 | @a玉石@x收藏@y中国 |
| 606 | 0 | @a玉石@x鉴赏@y中国 |
| 606 | 0 | @a玉石 |
| 690 | @aG262.3@v5 | |
| 690 | @aTS933.21@v5 | |
| 701 | 0 | @a常奇@9chang qi@4编著 |
| 801 | 0 | @aCN@b人天书店@c20131231 |
| 905 | @b846791-93@dG262.3@e8@f3 | |
| 品珠赏玉:宝石鉴赏与收藏指南/常奇编著.-上海:上海科学技术出版社,2014.01 |
| 216页:图;23cm |
| 使用对象:宝石鉴赏者及收藏者 |
| ISBN 978-7-5478-2035-3:CNY68.00 |
| 本书从宝石的概念、宝石的价值特征、常见的宝石,宝石加工等方面给读者介绍了宝石的鉴赏与收藏。内容丰富,包括了宝石的各类基础知识,带有非常鲜明的行业特色,是玉石爱好者非常希望了解的内容。本书内容接近于行业操作实践。作者长年从事珠宝玉器的鉴定与交易,积累了丰富的经验,以浅显精要的文字介绍业内的这些鉴定经验,实用性强。 |
| ● |
| 相关链接 |
|
|
|
|
正题名:品珠赏玉
索取号:G262.3/8
 
预约/预借
| 序号 | 登录号 | 条形码 | 馆藏地/架位号 | 状态 | 备注 |
| 1 | 846791 | 208467915 | 第一样本阅览室/ [索取号:G262.3/8] | 在馆 | |
| 2 | 846792 | 208467924 | 第四借阅区/ [索取号:G262.3/8] | 在馆 | |
| 3 | 846793 | 208467933 | 第四借阅区/ [索取号:G262.3/8] | 在馆 |